Genki 1 Chapter 3 Vocab English to Japanese Quiz Stats

 Plays Quiz not verified by Sporcle

Score 0/54 Timer 10:00
0 Plays Today
Hint Answer % Correct
Movieえいが
100%
Tennisテニス
100%
TVテレビ
100%
Breakfastあさごはん
100%
Teaおちゃ
100%
Coffeeコーヒー
100%
Evening Mealばんごはん
100%
Hamburgerハンバーガー
100%
Waterみず
100%
Schoolがっこう
100%
Morningあさ
100%
This Eveningこんばん
100%
Saturdayどようび
100%
Sundayにちようび
100%
Every Dayまいにち
100%
Every Nightまいばん
100%
Every Morningまいあさ
100%
To Goいく
100%
To Listenきく
100%
To Eatたべる
100%
To Doする
100%
To Studyべんきょうする
100%
Goodいい
100%
Not At All/Neverぜんぜん
100%
Musicおんがく
75%
Magazineざっし
75%
Sportsスポーツ
75%
Hint Answer % Correct
Ice Creamアイスクリーム
75%
Rice Wine/Alcoholおさけ
75%
Lunchひるごはん
75%
Houseいえ
75%
Homeうち
75%
Tomorrowあした
75%
Whenいつ
75%
Todayきょう
75%
Weekendしゅうまつ
75%
To Returnかえる
75%
To Drinkのむ
75%
To Speakはなす
75%
To Readよむ
75%
To Get Upおきる
75%
To Sleepねる
75%
To Lookみる
75%
Earlyはやい
75%
A Littleちょっと
75%
Sometimesときどき
75%
Butでも
75%
~At Aboutごろ
50%
To Comeくる
50%
Isn't That Right/That's Right/Let Me Seeそうですね
50%
How about.../How is...どうですか
50%
Rarely/Not Much (Requires Negative Verb)あまり
25%
Usuallyたいてい
0%
Often/Muchとく
0%

You're not logged in!

Compare scores with friends on all Sporcle quizzes.
OR
Log In

Sporcle TV

Today on Sporcle TV


Watch our educational content, quiz creation guides, and fun videos on Sporcle TV.

Show Comments

Extras

Top Quizzes Today


Score Distribution

Your Account Isn't Verified!

In order to create a playlist on Sporcle, you need to verify the email address you used during registration. Go to your Sporcle Settings to finish the process.

Report this User

Report this user for behavior that violates our Community Guidelines.

Details: